| 000 | 00847cam a2200253 a 4500 | ||
|---|---|---|---|
| 001 | 546685 | ||
| 005 | 20250526123718.0 | ||
| 008 | 880208r19881987maub 001 0 eng | ||
| 020 | _a0913573868 | ||
| 041 | 1 | _aenggrc | |
| 050 | 0 | 0 |
_aDS116 _b.J7 1988 |
| 082 | 0 | 0 |
_a933 _220 |
| 100 | 1 | _aJosephus, Flavius. | |
| 245 | 1 | 4 |
_aThe works of Josephus : _bcomplete and unabridged / _ctranslated by William Whiston. |
| 250 | _aNew updated ed. | ||
| 260 |
_aPeabody, Mass. : _bHendrickson Publishers, _cc1987 _g(1988 printing) |
||
| 300 |
_ax, 926 p. : _bmaps ; _c24 cm. |
||
| 500 | _aIncludes index. | ||
| 650 | 0 |
_aJews _xHistory _yTo 70 A.D. |
|
| 650 | 0 |
_aJews _xHistory _yRebellion, 66-73. |
|
| 700 | 1 |
_aWhiston, William, _d1667-1752. |
|
| 856 | 4 | 2 |
_3Publisher description _uhttp://www.loc.gov/catdir/description/hend021/88000628.html |
| 942 |
_2lcc _cBK _n0 |
||
| 999 |
_c5944 _d5944 |
||